Statistics for City Where It Happened #1

Click here to take the quiz!

General Stats

  • This quiz has been taken 96,888 times
    (69,291 since last reset)
  • The average score is 12 of 20

Answer Stats

YearEventCity% Correct
2001September 11 attacks on the World Trade CenterNew York City
100%
1789Storming of the BastilleParis
86%
1989Tiananmen Square massacreBeijing
85%
1963Assassination of John F. KennedyDallas
79%
1963Martin Luther King's "I Have a Dream" speechWashington D.C.
75%
1812The easternmost point of Napoleon's conquestsMoscow
74%
1948Supplies airlifted in to relieve this city from a Soviet blockadeBerlin
73%
570Birth of MuhammadMecca
72%
1914Assassination of Franz FerdinandSarajevo
62%
1972Terrorists kill members of the Israeli Olympic teamMunich
61%
1776Continental Congress issues American Declaration of IndependencePhiladelphia
61%
1854John Snow traces a cholera outbreak to a contaminated wellLondon
60%
1979Hostages kidnapped at American embassyTehran
60%
1943Turning point of WWII as Nazis fail to capture this cityVolgograd
56%
1589Galileo drops two object of different mass from a tower to prove
that they fall at the same rate
Pisa
50%
1967"The Summer of Love"San Francisco
49%
1968Democracy movement crushed by Soviet tanksPrague
46%
1836Battle of the AlamoSan Antonio
42%
1974Ali vs. Foreman, "The Rumble in the Jungle"Kinshasa
30%
1903First powered flightKitty Hawk
28%

Score Distribution

Percentile by Number Answered

Percent of People with Each Score

Your Score History

You have not taken this quiz since the last reset